| 000 | 00449nam a22001457a 4500 | ||
|---|---|---|---|
| 008 | 161207b xxu||||| |||| 00| 0 eng d | ||
| 020 | _a0-375-42567-5 | ||
| 082 |
_22001 _aDRef 423 _bW38 |
||
| 245 | _aWebster's universal college dictionary. | ||
| 260 |
_aNew York: _bGramercy Books, _cc2001. |
||
| 300 |
_aviii, 948 pages: _billustrations; _c24 cm. |
||
| 650 | 0 |
_918183 _aEnglish language _vDictionaries |
|
| 365 |
_b485.00 _cPhp |
||
| 942 |
_2ddc _cDREF |
||
| 999 |
_c5990 _d5990 |
||